000 01167nam a2200361 i 4500
001 bgj
100 1 _aDEFOE, Daniel
_d(1661?-1731).
245 1 0 _aRoxana :
_bthe fortunate mistress /
_cDaniel Defoe ; edited with an introduction and notes by Jane Jack.
250 _a[Reprint].
260 _aOxford :
_bOxford University Press,
_c1988.
300 _aXVIII, 333 pp ;
_c19 cm.
490 1 _aThe World's Classics
500 _aReprint to the 1st World's Classics paperback edition of 1981.
504 _aBibliography p. XV-XVI.
505 _aIncludes note on the text and a chronology of the author.
650 9 _aWomen
_zEurope
650 9 _aMistresses
650 9 _aPicaresque literature
650 9 _aHistorical fiction
650 9 _aAdventure stories
651 9 _aGreat Britain
_xHistory
_xCharles II, 1660-1685
651 9 _aEurope
_xHistory
_y17th century
651 9 _aGreat Britain
655 _aFiction
700 1 _aJACK, Jane.
_eed.
830 _aThe World's Classics
020 _a0192815636 (pbk)
040 _cBPK
041 0 _aeng
920 _a0-19-281563-6 (pbk)
942 _cKS
008 s uk f |000 0 eng
999 _c49311
_d49311